The German Classics of the Nineteenth and Twentieth Centuries, Volume 06 : (Record no. 241728)
[ view plain ]
| 000 -LEADER | |
|---|---|
| fixed length control field | 01821cam a22002893a 4500 |
| 001 - CONTROL NUMBER | |
| control field | 12473 |
| 003 - CONTROL NUMBER IDENTIFIER | |
| control field | PGUSA |
| 005 - DATE AND TIME OF LATEST TRANSACTION | |
| control field | 20140828083252.0 |
| 008 - FIXED-LENGTH DATA ELEMENTS--GENERAL INFORMATION | |
| fixed length control field | 040501s2004||||xxu|||||s|||||000 i eng d |
| 040 ## - CATALOGING SOURCE | |
| Original cataloging agency | PGUSA |
| Language of cataloging | eng |
| 042 ## - AUTHENTICATION CODE | |
| Authentication code | dc |
| 050 #4 - LIBRARY OF CONGRESS CALL NUMBER | |
| Classification number | PT |
| 245 14 - TITLE STATEMENT | |
| Title | The German Classics of the Nineteenth and Twentieth Centuries, Volume 06 : |
| Remainder of title | Masterpieces of German Literature Translated into English. in Twenty Volumes |
| Medium | [electronic resource] |
| 260 ## - PUBLICATION, DISTRIBUTION, ETC. (IMPRINT) | |
| Name of publisher, distributor, etc | Project Gutenberg, |
| Date of publication, distribution, etc | 2004 |
| 505 0# - FORMATTED CONTENTS NOTE | |
| Formatted contents note | The Life of Heinrich Heine. By William Guild Howard -- Dedication. -- Songs. -- A Lyrical Intermezzo. -- Sonnets. -- Poor Peter. -- The Two Grenadiers. -- Belshazzar. -- The Pilgrimage to Kevlaar. -- The Return Home. -- Twilight. -- Hail to the Sea. -- In the Harbor. -- A New Spring. -- Abroad. -- The Sphinx. -- Germany. -- Enfant Perdu. -- The Battlefield of Hastings. -- The Asra. -- The Passion Flower. -- The Journey to the Harz. -- Boyhood Days. -- English Fragments--Dialogue on the Thames; London; Wellington. -- Lafayette. -- The Romantic School. -- The Rabbi of Bacharach. -- The Life of Franz Grillparzer. By William Guild Howard -- Medea. -- The Jewess of Toledo. -- The Poor Musician. -- My Journey to Weimar. -- Beethoven as a Letter Writer. By Walter R. Spalding -- Beethoven's Letters. |
| 506 ## - RESTRICTIONS ON ACCESS NOTE | |
| Terms governing access | Public domain in the USA. |
| 516 ## - TYPE OF COMPUTER FILE OR DATA NOTE | |
| Type of computer file or data note | Electronic text |
| 653 ## - INDEX TERM--UNCONTROLLED | |
| Uncontrolled term | German literature -- 19th century -- Translations into English |
| 653 ## - INDEX TERM--UNCONTROLLED | |
| Uncontrolled term | German literature -- 20th century -- Translations into English |
| 700 1# - ADDED ENTRY--PERSONAL NAME | |
| Personal name | Heine, Heinrich, |
| Dates associated with a name | 1797-1856 |
| 700 1# - ADDED ENTRY--PERSONAL NAME | |
| Personal name | Beethoven, Ludwig van, |
| Dates associated with a name | 1770-1827 |
| 700 1# - ADDED ENTRY--PERSONAL NAME | |
| Personal name | Francke, Kuno, |
| Dates associated with a name | 1855-1930 |
| 700 1# - ADDED ENTRY--PERSONAL NAME | |
| Personal name | Grillparzer, Franz, |
| Dates associated with a name | 1791-1872 |
| 830 #0 - SERIES ADDED ENTRY--UNIFORM TITLE | |
| Uniform title | Project Gutenberg |
| Volume number/sequential designation | 12473 |
| 856 40 - ELECTRONIC LOCATION AND ACCESS | |
| Uniform Resource Identifier | <a href="http://www.gutenberg.org/ebooks/12473">http://www.gutenberg.org/ebooks/12473</a> |
| 942 ## - ADDED ENTRY ELEMENTS (KOHA) | |
| Koha item type | eBooks |
| Withdrawn status | Lost status | Damaged status | Home library | Current library | Date acquired | Total Checkouts | Date last seen | Price effective from | Koha item type |
|---|---|---|---|---|---|---|---|---|---|
| Project Gutenberg | Project Gutenberg | 08/28/2014 | 08/28/2014 | 08/28/2014 | eBooks |